Sophocle

Saved in:
Bibliografiske detaljer
Main Authors: Knox, Bernard (Author), Irigoin, Jean (Author), Steiner, George (Author), Seidensticker, Bernd (Author), Taplin, Oliver (Author), Radt, Stefan (Author), Winnington-Ingram, R. P (Author)
Format: Bog
Sprog:tysk
fransk
Udgivet: Génova Fondations Hardt 1982
Serier:Entretiens sur l'Antiquité Classique, 29
Fag:
Tags: Tilføj Tag
Ingen Tags, Vær først til at tagge denne postø!

MARC

LEADER 00000nam a2200000 a 4500
001 UCO5686
003 CL-VaPUC
008 000915e19820000IT |||||||||||||||||ger|d
041 0 7 |a ger  |2 CL-VaPUC 
041 0 7 |a fre  |2 CL-VaPUC 
082 0 4 |a 882.09  |b KNO  |2 21 
100 0 |a Knox, Bernard  |e author  |9 450431 
700 0 |a Irigoin, Jean  |e author  |9 450432 
700 0 |a Steiner, George  |e author  |9 450433 
700 0 |a Seidensticker, Bernd  |e author  |9 450434 
700 0 |a Taplin, Oliver  |e author  |9 450435 
700 0 |a Radt, Stefan  |e author  |9 450436 
700 0 |a Winnington-Ingram, R. P  |e author  |9 450437 
245 1 0 |a Sophocle 
300 |a 274 p 
942 |c BK 
945 |d 20000915 00:00:00  |a rbrito 
260 |a Génova  |b Fondations Hardt  |c 1982 
600 0 |a Sófocles  |e autor  |9 269407 
650 7 |a LITERATURA GRIEGA  |2 CL-VaPUC  |9 258054 
650 0 |a Crítica e interpretación   |9 255042 
650 0 |a Crítica literaria   |9 269189 
583 |a last modification  |c 20000915 00:00:00  |k Rodrigo Vera 
490 0 |a Entretiens sur l'Antiquité Classique, 29 
999 |c 291526  |d 291524 
952 |0 0  |1 0  |4 0  |6 882_090000000000000_KNO_1982  |7 0  |8 X  |9 341423  |a BIBHIS  |b BIBHIS  |d 2019-11-20  |i 3642917  |o 882.09 KNO 1982  |p 3642917  |r 2024-01-30  |w 2019-11-20  |y BK_X  |k HIS